| 000 | 00926 a2200265 4500 | ||
|---|---|---|---|
| 005 | 20190618073201.0 | ||
| 008 | 190618s2019 ne ||||| |||| 00| 0 eng d | ||
| 020 | _a9789089649348 | ||
| 040 |
_aCO-BoUCM _bspa _cSaul Niño _dSaul Niño |
||
| 041 | 0 | _aeng | |
| 100 | 1 | 0 |
_aSommier, Isabelle _997357 |
| 245 | 1 | 0 |
_aBreaking laws _bviolence and civil disobedience in protest _cIsabelle Sommier, Graeme Hayes, Sylvie Ollitrault |
| 260 |
_aÁmsterdam _bAmsterdam University Press _c2019 |
||
| 300 | _a271 páginas | ||
| 490 | 0 |
_aProtest and social movements _v17 |
|
| 546 | _aTexto en inglés | ||
| 650 | 7 |
_926287 _aViolencia política |
|
| 650 | 7 |
_925425 _aTerrorismo |
|
| 650 | 7 |
_923638 _aResistencia civil |
|
| 650 | 7 |
_919847 _aMovimientos sociales |
|
| 700 | 1 | 0 |
_aHayes, Graeme _997358 |
| 700 | 1 | 0 |
_aOllitrault, Sylvie _997359 |
| 942 |
_cLIBRO _2DEWEY _a5 _e1 _h303.484 _mS697b |
||
| 999 |
_c311613 _d311613 |
||